Cómo dar la palabra al niño.

-д хадгалсан:
Номзүйн дэлгэрэнгүй
Үндсэн зохиолч: González Mendoza, Graciela (autor)
Формат: Ном
Хэл сонгох:испани
Цуврал:(Biblioteca pedagógica ; no. 34)
Нөхцлүүд:
Шошгууд: Шошго нэмэх
Шошго байхгүй, Энэхүү баримтыг шошголох эхний хүн болох!

MARC

LEADER 00000cam^a2200000uu^4500
001 000479950
005 20250521000000.0
008 050901s1985^^^^^^^^^^^^rd^r^^000^0^spa^d
009 20260310124950.85
022 |a 9686601182X 
035 |a FCE 000022957 
035 |a FCE 004136 
037 |a Acervo ITESO - Biblioteca 
041 |a spa 
082 0 4 |a 082.1  |b SECa 34 
100 |a González Mendoza, Graciela  |e (autor) 
245 1 0 |a Cómo dar la palabra al niño. 
264 |a México :  |b SEP : El Caballito,  |c 1985. 
300 |a 153 p. 
336 |a texto  |b txt  |2 rdacontenido 
337 |a sin mediación  |b n  |2 rdamedio 
338 |a volumen  |b nc  |2 rdasoporte 
440 0 |a (Biblioteca pedagógica ;  |v no. 34) 
649 |a XX 
650 |a Niño 
650 |a Papel del docente 
650 |a Papel del estudiante 
910 |a Fondo Centro de Estudios Educativos 
920 |a Impresos - Libros 
930 |a Fondos Especiales 
905 |a 133 
901 |a ALE004136  |b IT2  |c CEE  |u 20250521 
902 |a https://opac.biblio.iteso.mx/vufind/Record/000479950